00990cam a2200301 a 45000010005000000030006000050050017000110080041000280100017000690200018000860200018001040400023001220500018001450820012001631000018001752450096001932500044002892600036003333000063003695050007004325200106004395210021005455210018005666500026005846500019006106500025006297000034006546362FISKH20250424090753.0080307s2009 nyua b 000 1 eng  a 2008001719 a9780803733398 a9780545255097 aDLCcDLCdDLCbeng aPZ7.S696224 L a808.0681 aSoman, David.10aLadybug Girl and Bumblebee Boy /cby David Soman and Jacky Davis ; pictures by David Soman. aThis edition first printing, April 2013 aNew York : bScholastic,c2009. a36 unnumbered pages : ccolor illustrations ;c21 x 24 cm. aN  aLulu, dressed as Ladybug Girl, goes to the playground and makes new friends, including Bumblebee Boy.8 a580 bLexile AD 8 aN bRaz-Plus  1aImaginationvFiction. 1aPlayvFiction. 1aFriendshipvFiction.1 aDavis, Jacky,d1966-eAuthor